La lucha por la justicia en la conquista de América / (Record no. 78107)

MARC details
000 -LEADER
campo de control de longitud fija 00773nam a2200217 i 4500
001 - NÚMERO DE CONTROL
campo de control 78107
003 - IDENTIFICADOR DE NÚMERO DE CONTROL
campo de control ES-MaACL
005 - FECHA Y HORA DE LA ÚLTIMA TRANSACCIÓN
campo de control 20250730075603.0
007 - CAMPO FIJO DE DESCRIPCIÓN FÍSICA--INFORMACIÓN GENERAL
campo de control de longitud fija t|
008 - DATOS DE LONGITUD FIJA--INFORMACIÓN GENERAL
campo de control de longitud fija 041011s1949 ag ||||1| spa d
100 1# - ENTRADA PRINCIPAL--NOMBRE DE PERSONA
Nombre de persona Hanke, Lewis.
9 (RLIN) 61729
245 13 - MENCIÓN DEL TÍTULO
Título La lucha por la justicia en la conquista de América /
Mención de responsabilidad, etc. Lewis Hanke ; traducción de Ramón Iglesia.
260 ## - PUBLICACIÓN, DISTRIBUCIÓN, ETC.
Lugar de publicación, distribución, etc. Buenos Aires :
Nombre del editor, distribuidor, etc. Editorial Sudamericana,
Fecha de publicación, distribución, etc. [1949] (
Fabricante Hays Bell)
300 ## - DESCRIPCIÓN FÍSICA
Extensión 571 p., 4 lám. ;
Dimensiones 21 cm.
650 #4 - PUNTO DE ACCESO ADICIONAL DE MATERIA--TÉRMINO DE MATERIA
Término de materia o nombre geográfico como elemento de entrada Indios de América-
Subdivisión general Estatuto jurídico.
9 (RLIN) 149210
650 04 - PUNTO DE ACCESO ADICIONAL DE MATERIA--TÉRMINO DE MATERIA
Término de materia o nombre geográfico como elemento de entrada Indios de América-
Subdivisión general Trato recibido-
Subdivisión cronológica S.XVI
9 (RLIN) 13675
651 #4 - PUNTO DE ACCESO ADICIONAL DE MATERIA--NOMBRE GEOGRÁFICO
Nombre geográfico América española-
Subdivisión general Colonización.
9 (RLIN) 7721
700 1# - ENTRADA AGREGADA--NOMBRE PERSONAL
Nombre de persona Iglesia, Ramón.
9 (RLIN) 65061
852 ## - LOCALIZACIÓN
Ubicación ES-MaACL
Número de control de estantería D-6024
Sublocalización o colección R.30117
Holdings
Estatus retirado Estado de pérdida Estado de daño No para préstamo Biblioteca de origen Biblioteca actual Ubicación en estantería Fecha de adquisición Fuente de adquisición Total de préstamos Signatura topográfica completa Código de barras Visto por última vez Precio de reemplazo Tipo de ítem Koha
        Biblioteca del Ateneo de Madrid Biblioteca del Ateneo de Madrid Sala Valle Inclán 17/01/2008     D-6024 901081709 23/02/2023 23/02/2023 Libro impreso